| 000 | 00451cam a2200169ua 4500 | ||
|---|---|---|---|
| 020 | _c10.00 | ||
| 041 |
_aeng _h |
||
| 082 |
_a541.388 _bTEC |
||
| 100 | _aLibschery, Herbert . | ||
| 245 |
_aTechnical Fundamentals : Isotops in research and Production / _cHerbert Liebschery. _hTextual Documents |
||
| 260 |
_a : _bAsia Publishing House , _c1954. |
||
| 300 | _a126 ; . | ||
| 365 | _a10.00 | ||
| 504 | _a | ||
| 942 | _cBK | ||
| 999 |
_c3189 _d3189 |
||